[Event "Copenhagen Chess Challenge 2009"]
[Site "Ballerup"]
[Date "2009.??.??"]
[Round "4"]
[White "Jacobsen, Bo"]
[Black "Glud, Jakob Vang"]
[Result "0-1"]
[WhiteElo "2325"]
[BlackElo "2454"]
[PlyCount "78"]
[EventDate "2009.??.??"]
[EventType "swiss"]
[EventRounds "9"]
[EventCountry "DEN"]

1. c4 c5 2. g3 g6 3. Bg2 Bg7 4. Nc3 Nc6 5. a3 d6 6. Rb1 a5 7. e4 Nf6 8. Nge2
Nd7 9. d3 Nf8 10. Be3 Ne6 11. Nb5 Ned4 12. Nbxd4 cxd4 13. Bd2 a4 14. O-O O-O
15. f4 Qb6 16. b4 axb3 17. Rxb3 Qa7 18. Qb1 Na5 19. Rb5 Nxc4 20. dxc4 d3+ 21.
Kh1 dxe2 22. Re1 Qd4 23. Bc1 Qxc4 24. Rb4 Qa6 25. Rb6 Qa4 26. Qd3 Bg4 27. h3
Qd4 28. Rb3 Be6 29. Qxd4 Bxd4 30. Rxb7 Bc4 31. Bf3 Bf2 32. Rxe2 Bxe2 33. Bxe2
Rfc8 34. Kg2 Bd4 35. Bb2 Bxb2 36. Rxb2 Rxa3 37. g4 Kg7 38. h4 Rcc3 39. Kf2 Re3
0-1

[Event "Copenhagen Chess Challenge 2009"]
[Site "Ballerup"]
[Date "2009.??.??"]
[Round "4"]
[White "Hoi, Carsten"]
[Black "De Verdier, Michael"]
[Result "1/2-1/2"]
[WhiteElo "2387"]
[BlackElo "2289"]
[PlyCount "83"]
[EventDate "2009.??.??"]
[EventType "swiss"]
[EventRounds "9"]
[EventCountry "DEN"]

1. d4 Nf6 2. Nf3 d5 3. e3 e6 4. Bd3 c5 5. b3 Nc6 6. O-O Be7 7. Bb2 O-O 8. Nbd2
b6 9. a3 Bb7 10. Qe2 Qc7 11. Rfd1 Rfd8 12. Ne5 Nxe5 13. dxe5 Ne4 14. Bxe4 dxe4
15. Qg4 Qc6 16. Nc4 Rxd1+ 17. Rxd1 Rd8 18. Nd6 Bf8 19. h4 Rd7 20. h5 h6 21. c4
a5 22. a4 Be7 23. Kh2 Bg5 24. Bc3 Kf8 25. Rd2 Kg8 26. Kh3 Rd8 27. Rd1 Rd7 28.
Rf1 f5 29. Qg3 Qc7 30. f4 exf3 31. gxf3 Bxe3 32. Ne8 Qd8 33. Nf6+ Kf8 34. Nxd7+
Qxd7 35. f4 Bd4 36. Bxd4 cxd4 37. Rd1 Be4 38. Qg1 Qe8 39. Qg6 Qd7 40. Qg1 Qe8
41. Qg6 Qd7 42. Qg1 1/2-1/2

[Event "Copenhagen Chess Challenge 2009"]
[Site "Ballerup"]
[Date "2009.??.??"]
[Round "4"]
[White "Tandrup, Michael"]
[Black "Haubro, Sigfred"]
[Result "1/2-1/2"]
[WhiteElo "1917"]
[BlackElo "2120"]
[PlyCount "31"]
[EventDate "2009.??.??"]
[EventType "swiss"]
[EventRounds "9"]
[EventCountry "DEN"]

1. f4 d5 2. Nf3 Nf6 3. g3 g6 4. Bg2 Bg7 5. O-O O-O 6. d3 c5 7. c3 Nc6 8. a4 Qc7
9. Na3 a6 10. Qe1 d4 11. e4 dxe3 12. Bxe3 b6 13. Nc4 Bb7 14. Kh1 Rfd8 15. Qe2
e6 16. Rfd1 1/2-1/2

[Event "Copenhagen Chess Challenge 2009"]
[Site "Ballerup"]
[Date "2009.??.??"]
[Round "4"]
[White "Capion, Jon Gotz"]
[Black "Peschardt, Soren"]
[Result "0-1"]
[WhiteElo "1662"]
[BlackElo "2104"]
[PlyCount "78"]
[EventDate "2009.??.??"]
[EventType "swiss"]
[EventRounds "9"]
[EventCountry "DEN"]

1. e4 c5 2. Nf3 Nc6 3. d4 cxd4 4. Nxd4 Qb6 5. Nxc6 dxc6 6. Nc3 e5 7. Rb1 Be6 8.
Be3 Qc7 9. a3 Nf6 10. f3 Be7 11. Bd3 O-O 12. O-O Rfd8 13. Qe2 a6 14. Rfd1 b5
15. Qf2 c5 16. Bf1 Rab8 17. g4 b4 18. Rxd8+ Rxd8 19. axb4 cxb4 20. Bb6 Qc6 21.
Bxd8 Bc5 22. Bxf6 Bxf2+ 23. Kxf2 gxf6 24. Ne2 Qxc2 25. Ra1 Bc4 26. Rc1 Qb3 27.
Kg3 Bxe2 28. Bxe2 Qxb2 29. Rc8+ Kg7 30. Bxa6 Qa1 31. Bc4 Qg1+ 32. Kh3 Qf2 33.
Rc7 Qxf3+ 34. Kh4 Qxe4 35. Rxf7+ Kg6 36. Rc7 b3 37. Be6 Qe1+ 38. Kh3 Kg5 39.
Kg2 b2 0-1

[Event "Copenhagen Chess Challenge 2009"]
[Site "Ballerup"]
[Date "2009.??.??"]
[Round "4"]
[White "Andersen, Kim Nyvang"]
[Black "Brauener, Jonathan"]
[Result "1/2-1/2"]
[WhiteElo "1914"]
[BlackElo "1916"]
[PlyCount "182"]
[EventDate "2009.??.??"]
[EventType "swiss"]
[EventRounds "9"]
[EventCountry "DEN"]

1. d4 Nf6 2. c4 e6 3. Nc3 Bb4 4. Qc2 d5 5. Bg5 Nbd7 6. e3 b6 7. cxd5 exd5 8.
Bd3 Bb7 9. Nge2 h6 10. Bh4 O-O 11. f3 Qe7 12. Bf2 Rac8 13. O-O c5 14. Rae1 Rfe8
15. Ng3 cxd4 16. exd4 Qf8 17. Qb3 a6 18. Nf5 b5 19. Bg3 Nh5 20. Rxe8 Rxe8 21.
Nxd5 Nxg3 22. Nxg3 Ba5 23. Nf4 Qd6 24. Nfe2 Bb6 25. Nf5 Qf6 26. Be4 Bxe4 27.
fxe4 Ne5 28. Ne3 Qe6 29. Nd5 Nc4 30. Nxb6 Qxb6 31. Qf3 f6 32. Rc1 Nd2 33. Qh5
Qe6 34. Rc7 Rf8 35. Qg6 Rf7 36. Nf4 Qxa2 37. Qxf7+ Qxf7 38. Rxf7 Kxf7 39. Nd5
Nxe4 40. Nc7 a5 41. Nxb5 Ke6 42. Nc7+ Kd7 43. Nb5 Kc6 44. Na3 Kd5 45. Nc2 Kc4
46. Kf1 Kb3 47. Ne3 Kxb2 48. Nc4+ Kc3 49. Nxa5 Kxd4 50. Nc6+ Kd5 51. Nb4+ Ke6
52. Nd3 g5 53. Ke2 f5 54. Ke3 h5 55. h3 Nf6 56. Kf3 Nd7 57. Ke3 Kf6 58. Kd4 Nf8
59. Ke3 Ng6 60. g3 h4 61. gxh4 Nxh4 62. Nf2 Ke5 63. Nd3+ Kd5 64. Nb4+ Ke5 65.
Nd3+ Kf6 66. Nf2 Kg6 67. Nh1 Ng2+ 68. Kf3 Nf4 69. Kg3 Kh5 70. Nf2 Ng6 71. Nd3
f4+ 72. Kh2 Kh4 73. Kg2 Kh5 74. Kh2 Nh4 75. Ne5 Nf5 76. Kg2 Nh4+ 77. Kh2 Kh6
78. Kg1 Kg7 79. Kf2 Kf6 80. Ng4+ Kf5 81. Nh6+ Ke4 82. Nf7 Kf5 83. Nh6+ Ke6 84.
Ng4 Ng6 85. Nh2 Ne5 86. Nf1 Kf5 87. Nd2 g4 88. hxg4+ Kxg4 89. Kg2 Nd3 90. Kf1
Kg3 91. Ke2 Nf2 1/2-1/2

[Event "Copenhagen Chess Challenge 2009"]
[Site "Ballerup"]
[Date "2009.??.??"]
[Round "4"]
[White "Haubro, Martin"]
[Black "Moller, Arne"]
[Result "1/2-1/2"]
[WhiteElo "1809"]
[BlackElo "1903"]
[PlyCount "95"]
[EventDate "2009.??.??"]
[EventType "swiss"]
[EventRounds "9"]
[EventCountry "DEN"]

1. e4 c5 2. c4 d6 3. Nc3 Nc6 4. g3 g6 5. Bg2 Bg7 6. d3 a6 7. Nge2 e6 8. a3 Nge7
9. Rb1 O-O 10. O-O Rb8 11. b4 Nd4 12. b5 b6 13. a4 a5 14. f4 Bb7 15. Bb2 f5 16.
Nxd4 Bxd4+ 17. Kh1 d5 18. Qe2 Qd7 19. Rfe1 Rbe8 20. exd5 exd5 21. Qe6+ Qxe6 22.
Rxe6 Nc8 23. Rxe8 Rxe8 24. Bxd5+ Bxd5+ 25. Nxd5 Bxb2 26. Rxb2 Re1+ 27. Kg2 Kf7
28. Kf2 Ra1 29. Nc3 Rc1 30. Ne2 Ra1 31. Nc3 Rc1 32. Nb1 Nd6 33. Ke3 Rxc4 34.
dxc4 Nxc4+ 35. Kd3 Nxb2+ 36. Kc3 Nd1+ 37. Kd2 Nf2 38. Nc3 Ke6 39. Ke2 Ng4 40.
h3 Nf6 41. Kd3 Kd6 42. Kc4 h6 43. Kd3 Nh5 44. Ne2 Nf6 45. Nc3 Nd5 46. Ne2 Nb4+
47. Kc4 Nd5 48. Kd3 1/2-1/2

[Event "Copenhagen Chess Challenge 2009"]
[Site "Ballerup"]
[Date "2009.??.??"]
[Round "4"]
[White "Fredericia, Louise Winther"]
[Black "Christensen, Bo Garner"]
[Result "0-1"]
[WhiteElo "2100"]
[BlackElo "2240"]
[PlyCount "60"]
[EventDate "2009.??.??"]
[EventType "swiss"]
[EventRounds "9"]
[EventCountry "DEN"]

1. c4 f5 2. Nc3 Nf6 3. g3 g6 4. Bg2 Bg7 5. e3 e5 6. d3 c6 7. Nge2 O-O 8. O-O d6
9. Rb1 Be6 10. Qc2 Nbd7 11. b4 d5 12. cxd5 cxd5 13. Bd2 Qe7 14. Rfc1 Rfc8 15.
Qb2 e4 16. Nf4 Bf7 17. dxe4 dxe4 18. h4 h6 19. Nb5 g5 20. hxg5 hxg5 21. Nh3 Nd5
22. Nd4 Qf6 23. Rxc8+ Rxc8 24. Rc1 Rd8 25. Qc2 Ne5 26. f4 gxf4 27. Nxf4 Nxf4
28. gxf4 Nd3 29. Rf1 Rxd4 30. Bc3 Rc4 0-1

[Event "Copenhagen Chess Challenge 2009"]
[Site "Ballerup"]
[Date "2009.??.??"]
[Round "4"]
[White "Schmidt, Horst Hubert"]
[Black "Nielsen, Poul Bang"]
[Result "0-1"]
[WhiteElo "1837"]
[BlackElo "1792"]
[PlyCount "70"]
[EventDate "2009.??.??"]
[EventType "swiss"]
[EventRounds "9"]
[EventCountry "DEN"]

1. e4 c5 2. g3 g6 3. Bg2 Bg7 4. Ne2 Nc6 5. O-O e6 6. Nbc3 Nge7 7. d3 O-O 8. Be3
b6 9. Qd2 d5 10. exd5 exd5 11. d4 cxd4 12. Nxd4 Bb7 13. Rfd1 Ne5 14. Qe2 Nc4
15. Bg5 Re8 16. Qg4 h6 17. Bc1 Bc8 18. Qf3 Be6 19. g4 Ne5 20. Qg3 Bxg4 21. Re1
Nf5 22. Nxf5 Nf3+ 23. Bxf3 Rxe1+ 24. Kg2 Bxf5 25. Nxd5 Rc8 26. c3 Be5 27. Bf4
Bxf4 28. Nxf4 Rxa1 29. h4 Rc5 30. Ne2 Qc7 31. Nf4 Rc4 32. Bd5 Qxf4 33. Bxc4
Qxc4 34. Qb8+ Bc8 35. f3 Qe2+ 0-1

[Event "Copenhagen Chess Challenge 2009"]
[Site "Ballerup"]
[Date "2009.??.??"]
[Round "5"]
[White "Rasmussen, Allan Stig"]
[Black "Danielsen, Henrik"]
[Result "1-0"]
[WhiteElo "2501"]
[BlackElo "2482"]
[PlyCount "113"]
[EventDate "2009.??.??"]
[EventType "swiss"]
[EventRounds "9"]
[EventCountry "DEN"]

1. e4 c6 2. d4 d5 3. Nc3 dxe4 4. Nxe4 Bf5 5. Ng3 Bg6 6. h4 h6 7. Nf3 Nd7 8. h5
Bh7 9. Bd3 Bxd3 10. Qxd3 e6 11. Bf4 Qa5+ 12. Bd2 Qc7 13. O-O-O Ngf6 14. Ne4
O-O-O 15. g3 Nxe4 16. Qxe4 Be7 17. Kb1 Rhe8 18. c4 Kb8 19. Qh7 Rg8 20. Qc2 Rge8
21. Qh7 Rg8 22. Qc2 Rge8 23. Bc3 Bf6 24. Rhe1 Ka8 25. Ne5 Nxe5 26. dxe5 Be7 27.
Qe2 Rxd1+ 28. Rxd1 Rd8 29. Kc2 Kb8 30. Rxd8+ Qxd8 31. Qf3 Qg8 32. g4 g6 33. Bd2
gxh5 34. gxh5 Qh7+ 35. Qd3 Qxd3+ 36. Kxd3 Bf8 37. Be3 c5 38. Ke4 Kc7 39. f4 Kc6
40. Bd2 a6 41. a3 b6 42. f5 Kb7 43. f6 Kc6 44. Kd3 Kb7 45. Kc3 Kc6 46. Kb3 Kb7
47. Ka4 Kc6 48. Bc3 Kb7 49. Be1 Kc6 50. Bd2 Kb7 51. b4 cxb4 52. axb4 Kc6 53.
Be3 Kb7 54. b5 a5 55. Bd2 Ka7 56. c5 bxc5 57. Bxa5 1-0

[Event "Copenhagen Chess Challenge 2009"]
[Site "Ballerup"]
[Date "2009.??.??"]
[Round "5"]
[White "Semcesen, Daniel"]
[Black "Rusev, Krasimir"]
[Result "1/2-1/2"]
[WhiteElo "2387"]
[BlackElo "2498"]
[PlyCount "63"]
[EventDate "2009.??.??"]
[EventType "swiss"]
[EventRounds "9"]
[EventCountry "DEN"]

1. c4 c5 2. g3 Nc6 3. Bg2 g6 4. Nc3 Bg7 5. a3 b6 6. b4 Bb7 7. Bb2 d6 8. Nh3 Qd7
9. Qa4 h5 10. Nf4 h4 11. g4 e6 12. h3 Nge7 13. Rb1 O-O 14. g5 f6 15. gxf6 Rxf6
16. Nd3 Rf5 17. Be4 Rg5 18. Bf3 cxb4 19. axb4 b5 20. Nxb5 Bxb2 21. Rxb2 Nd4 22.
Bxb7 Qxb7 23. Rf1 Nxb5 24. cxb5 Rxb5 25. Qb3 Kf7 26. Qc4 a5 27. Qxh4 axb4 28.
f3 b3 29. Kf2 e5 30. Rfb1 Rc8 31. Qa4 Rb8 32. Nc1 1/2-1/2

[Event "Copenhagen Chess Challenge 2009"]
[Site "Ballerup"]
[Date "2009.??.??"]
[Round "5"]
[White "Ivanov, Mikhail"]
[Black "Grandelius, Nils"]
[Result "1/2-1/2"]
[WhiteElo "2470"]
[BlackElo "2491"]
[PlyCount "179"]
[EventDate "2009.??.??"]
[EventType "swiss"]
[EventRounds "9"]
[EventCountry "DEN"]

1. c4 Nf6 2. Nc3 e6 3. Nf3 d5 4. d4 dxc4 5. Qa4+ Nbd7 6. g3 c5 7. Bg2 cxd4 8.
Nxd4 Bc5 9. Qxc4 Qb6 10. Na4 Bb4+ 11. Kf1 Qa5 12. Qb5 a6 13. Qxa5 Bxa5 14. a3
Bc7 15. b4 Rb8 16. Bb2 Nb6 17. Nxb6 Bxb6 18. Nb3 O-O 19. Be5 Ra8 20. Bf3 Nd5
21. e4 Nf6 22. Kg2 Bd7 23. Bd6 Rfc8 24. e5 Nd5 25. Rhc1 Rxc1 26. Rxc1 Rc8 27.
Rxc8+ Bxc8 28. Bc5 Bc7 29. Bd4 Bd7 30. Bxd5 exd5 31. f4 h6 32. Nc5 Bc8 33. Kf3
h5 34. Ke3 Kh7 35. Nb3 Kg6 36. Bc5 Kf5 37. h3 Kg6 38. h4 Kf5 39. Kf3 Kg6 40.
Nd4 Bd7 41. Ke3 Bd8 42. Kd3 Bc7 43. Kc3 Bg4 44. a4 Bd7 45. Kb3 Bd8 46. a5 Bh3
47. Kc3 Bc8 48. Kd3 Bh3 49. Ke3 Bd7 50. Kf3 Bg4+ 51. Kf2 Bd7 52. Ke3 Bh3 53.
Bd6 Bd7 54. Bc5 Bh3 55. Bf8 Bd7 56. Ne2 Kf5 57. Kf3 Kg6 58. Ke3 Kf5 59. Kf3 Kg6
60. Nd4 Bg4+ 61. Ke3 Bd7 62. Bc5 Bh3 63. Kd3 Bc8 64. Kc3 Bd7 65. Bb6 Be7 66.
Bc7 Bc8 67. Bb6 Bd7 68. Bc5 Bd8 69. Kd2 Bc8 70. Ke3 Bd7 71. Kf2 Bc8 72. Nc2 Bd7
73. Ne3 Be6 74. Ke2 f6 75. Kd3 fxe5 76. fxe5 Kf7 77. Kd4 g5 78. hxg5 Bxg5 79.
Nxd5 h4 80. gxh4 Bxh4 81. Ke4 Ke8 82. Ne3 Kd7 83. Nf5 Bd8 84. Ng7 Bh3 85. Kf4
Bh4 86. Nf5 Bd8 87. Nd6 Kc6 88. Nf7 Bxa5 89. Ng5 Bc8 90. e6 1/2-1/2

[Event "Copenhagen Chess Challenge 2009"]
[Site "Ballerup"]
[Date "2009.??.??"]
[Round "5"]
[White "Glud, Jakob Vang"]
[Black "Veng, Johny"]
[Result "1/2-1/2"]
[WhiteElo "2454"]
[BlackElo "2240"]
[PlyCount "109"]
[EventDate "2009.??.??"]
[EventType "swiss"]
[EventRounds "9"]
[EventCountry "DEN"]

1. c4 g6 2. g3 Bg7 3. Bg2 Nf6 4. Nc3 O-O 5. d3 c6 6. e4 d6 7. Nge2 Nbd7 8. O-O
a6 9. h3 Rb8 10. Be3 b5 11. b3 Nc5 12. e5 Nfd7 13. d4 Nb7 14. exd6 Nxd6 15. c5
Nf5 16. Bf4 e5 17. dxe5 Bxe5 18. Bxc6 Bxf4 19. Bxd7 Ne3 20. fxe3 Bxe3+ 21. Kh2
Qxd7 22. Qxd7 Bxd7 23. Nd5 Bg5 24. h4 Rbe8 25. Rae1 Bc6 26. Nef4 Bd8 27. Rxe8
Rxe8 28. Nb4 Bb7 29. c6 Bc8 30. Nbd5 Kf8 31. Rd1 Be7 32. Nxe7 Kxe7 33. Nd5+ Kf8
34. Nb6 Re2+ 35. Kg1 Bg4 36. Rd4 Re1+ 37. Kf2 Rc1 38. Rxg4 Rxc6 39. Nd5 Rc2+
40. Ke3 Rxa2 41. b4 Ra3+ 42. Kf2 Ra2+ 43. Kf3 Ra3+ 44. Ne3 Ke7 45. Rd4 a5 46.
Kf4 axb4 47. Rxb4 Ra4 48. Kg5 Rxb4 49. Nd5+ Ke6 50. Nxb4 Ke5 51. h5 f6+ 52. Kh6
Kf5 53. Nd5 Kg4 54. hxg6 hxg6 55. Kxg6 1/2-1/2

[Event "Copenhagen Chess Challenge 2009"]
[Site "Ballerup"]
[Date "2009.??.??"]
[Round "5"]
[White "Mikkelsen, Nikolaj"]
[Black "Berg, Klaus"]
[Result "1/2-1/2"]
[WhiteElo "2394"]
[BlackElo "2440"]
[PlyCount "58"]
[EventDate "2009.??.??"]
[EventType "swiss"]
[EventRounds "9"]
[EventCountry "DEN"]

1. e4 d5 2. exd5 Qxd5 3. Nc3 Qa5 4. d4 c6 5. Nf3 Bf5 6. Bc4 e6 7. Bd2 Nd7 8.
Qe2 Bb4 9. Bb3 Ngf6 10. a3 Bxc3 11. Bxc3 Qc7 12. Bd2 O-O 13. h3 c5 14. O-O Rac8
15. dxc5 Nxc5 16. Ba2 Na4 17. Nd4 Nxb2 18. Nxf5 exf5 19. Qb5 Nc4 20. Bxc4 Qxc4
21. Qxb7 Rc7 22. Qf3 Qe4 23. Qg3 Rxc2 24. Bh6 Nh5 25. Qg5 Rc6 26. Rfe1 Qa4 27.
Qxh5 Rxh6 28. Qxf5 Rf6 29. Qc5 Rc6 1/2-1/2

[Event "Copenhagen Chess Challenge 2009"]
[Site "Ballerup"]
[Date "2009.??.??"]
[Round "5"]
[White "Brynell, Stellan"]
[Black "Lauridsen, Jesper Morch"]
[Result "1-0"]
[WhiteElo "2463"]
[BlackElo "2287"]
[PlyCount "69"]
[EventDate "2009.??.??"]
[EventType "swiss"]
[EventRounds "9"]
[EventCountry "DEN"]

1. d4 d5 2. c4 e6 3. Nf3 c5 4. cxd5 exd5 5. g3 Nc6 6. Bg2 Nf6 7. O-O Be7 8. Nc3
O-O 9. Bg5 c4 10. Ne5 Be6 11. f4 Ng4 12. Bxe7 Nxe7 13. Qd2 Nxe5 14. fxe5 Qd7
15. e4 Rad8 16. exd5 Nxd5 17. Ne4 b5 18. a3 Bh3 19. Bxh3 Qxh3 20. Nd6 a6 21. a4
f5 22. axb5 axb5 23. Ra3 c3 24. bxc3 Kh8 25. Ra7 Ra8 26. Rxa8 Rxa8 27. Nxf5 g6
28. Nd6 Ne3 29. Re1 Ng4 30. e6 b4 31. cxb4 Ra3 32. Qg2 Qh5 33. e7 Nf6 34. Rf1
Kg7 35. Qf2 1-0

[Event "Copenhagen Chess Challenge 2009"]
[Site "Ballerup"]
[Date "2009.??.??"]
[Round "5"]
[White "Lund, Silas"]
[Black "Andreasen, Per Naesby"]
[Result "1-0"]
[WhiteElo "2430"]
[BlackElo "2265"]
[PlyCount "51"]
[EventDate "2009.??.??"]
[EventType "swiss"]
[EventRounds "9"]
[EventCountry "DEN"]

1. d4 g6 2. e4 Bg7 3. c4 d6 4. Nc3 e5 5. dxe5 dxe5 6. Qxd8+ Kxd8 7. f4 Nd7 8.
Nf3 c6 9. Be2 f6 10. O-O Ke8 11. g3 Nh6 12. Kg2 Nf7 13. Be3 Bf8 14. Rad1 Bc5
15. Bc1 Ke7 16. a3 a5 17. Na4 Bd6 18. Be3 Nd8 19. c5 Bc7 20. Bc4 exf4 21. gxf4
Ne6 22. e5 f5 23. Rd6 Ndxc5 24. Nxc5 Bxd6 25. exd6+ Kxd6 26. Rd1+ 1-0

[Event "Copenhagen Chess Challenge 2009"]
[Site "Ballerup"]
[Date "2009.??.??"]
[Round "5"]
[White "Nielsen, Thomas (1975)"]
[Black "Capion, Jon Gotz"]
[Result "1-0"]
[WhiteElo "1970"]
[BlackElo "1662"]
[PlyCount "81"]
[EventDate "2009.??.??"]
[EventType "swiss"]
[EventRounds "9"]
[EventCountry "DEN"]

1. c4 e5 2. Nc3 f5 3. g3 Nf6 4. Bg2 d6 5. Nf3 Nc6 6. d3 Be7 7. O-O O-O 8. a3 a5
9. Qc2 Be6 10. Ng5 Bf7 11. e3 Kh8 12. Nd5 Bxd5 13. cxd5 Na7 14. Ne6 Qd7 15.
Nxf8 Rxf8 16. Bd2 b6 17. b4 axb4 18. axb4 Nc8 19. Rfc1 Qb5 20. Qc4 Qxc4 21.
Rxc4 e4 22. dxe4 fxe4 23. Bxe4 b5 24. Rd4 Nb6 25. Bg2 Nfd7 26. Ra7 Bf6 27. Rd3
Ne5 28. Rb3 Bd8 29. Bc3 Ng4 30. h3 Nh6 31. Ra5 Nf5 32. Rxb5 Bg5 33. Ra5 Nc4 34.
Ra7 Ncxe3 35. Rxc7 Nd1 36. g4 Nxc3 37. Rbxc3 Ne7 38. Ra3 Bh4 39. Ra2 Ng6 40. b5
Kg8 41. b6 1-0

[Event "Copenhagen Chess Challenge 2009"]
[Site "Ballerup"]
[Date "2009.??.??"]
[Round "5"]
[White "Christensen, Bo Garner"]
[Black "Smith, Axel"]
[Result "1-0"]
[WhiteElo "2240"]
[BlackElo "2383"]
[PlyCount "83"]
[EventDate "2009.??.??"]
[EventType "swiss"]
[EventRounds "9"]
[EventCountry "DEN"]

1. e4 e5 2. Nf3 Nc6 3. Nc3 Nf6 4. Bb5 Bd6 5. Bxc6 dxc6 6. h3 O-O 7. d3 Nd7 8.
Be3 c5 9. Ng5 h6 10. Nf3 Nb8 11. Ne2 Nc6 12. c3 Ne7 13. g4 f6 14. Qb3+ Kh7 15.
O-O-O a5 16. Ng3 a4 17. Qc2 b5 18. Nf5 b4 19. c4 b3 20. axb3 Nc6 21. Bd2 axb3
22. Qxb3 Bd7 23. Rdg1 Nd4 24. N3xd4 cxd4 25. Qb7 Rb8 26. Qd5 Bxf5 27. gxf5 Qd7
28. c5 Qa4 29. b4 Ra8 30. Kb2 Qa3+ 31. Kc2 c6 32. Qb3 Qa2+ 33. Qxa2 Rxa2+ 34.
Kd1 Be7 35. Ke2 Rfa8 36. Rb1 Kg8 37. Rhc1 Rb8 38. Ra1 Rb2 39. Kd1 Kf7 40. Ra6
Rc8 41. Rca1 Rb8 42. R6a4 1-0

[Event "Copenhagen Chess Challenge 2009"]
[Site "Ballerup"]
[Date "2009.??.??"]
[Round "5"]
[White "De Verdier, Michael"]
[Black "Matthiesen, Arne"]
[Result "1/2-1/2"]
[WhiteElo "2289"]
[BlackElo "2349"]
[PlyCount "73"]
[EventDate "2009.??.??"]
[EventType "swiss"]
[EventRounds "9"]
[EventCountry "DEN"]

1. d4 g6 2. Nf3 Bg7 3. c4 Nf6 4. Nc3 O-O 5. e4 d6 6. Be2 c5 7. O-O cxd4 8. Nxd4
Nc6 9. Be3 Bd7 10. Nc2 Rc8 11. Rc1 Re8 12. f3 Qa5 13. Qd2 Nh5 14. Na3 Nf6 15.
Rfd1 Be6 16. Nd5 Qxd2 17. Rxd2 Nd7 18. Nb5 a6 19. Nbc7 Rf8 20. b3 Bxd5 21. Nxd5
Rfe8 22. f4 Nc5 23. Bf3 Nd7 24. Bg4 e6 25. Nb6 Nxb6 26. Bxb6 h5 27. Bf3 e5 28.
Rxd6 exf4 29. Rd7 Rb8 30. Bc7 Bd4+ 31. Kf1 Be3 32. Bxb8 Bxc1 33. Bd6 b6 34. Rb7
Be3 35. e5 Nxe5 36. Bd5 a5 37. Bxe5 1/2-1/2

[Event "Copenhagen Chess Challenge 2009"]
[Site "Ballerup"]
[Date "2009.??.??"]
[Round "5"]
[White "Sahl, Bjarke"]
[Black "Hvenekilde, Jorgen"]
[Result "1-0"]
[WhiteElo "2366"]
[BlackElo "2184"]
[PlyCount "63"]
[EventDate "2009.??.??"]
[EventType "swiss"]
[EventRounds "9"]
[EventCountry "DEN"]

1. e4 e5 2. Nf3 Nf6 3. Nxe5 d6 4. Nf3 Nxe4 5. Nc3 Nxc3 6. dxc3 Be7 7. Be3 O-O
8. Qd2 Nd7 9. O-O-O Nb6 10. h3 c6 11. g4 Be6 12. Nd4 Nd5 13. Nxe6 fxe6 14. Bc4
Bh4 15. Bxd5 cxd5 16. f4 Kh8 17. Rhf1 Be7 18. f5 exf5 19. gxf5 Rc8 20. Kb1 a6
21. Qxd5 Rc6 22. a3 Bf6 23. Rd3 Re8 24. Bd4 Re2 25. Qf3 Re8 26. Qd5 Re2 27. Be3
Bxc3 28. Rxc3 Rxc3 29. Bd4 Rc7 30. f6 Qg8 31. fxg7+ Rxg7 32. Qxd6 1-0

[Event "Copenhagen Chess Challenge 2009"]
[Site "Ballerup"]
[Date "2009.??.??"]
[Round "5"]
[White "Feuerstack, Aljoscha"]
[Black "Eriksson, Christian Altenburg"]
[Result "1-0"]
[WhiteElo "2345"]
[BlackElo "2122"]
[PlyCount "71"]
[EventDate "2009.??.??"]
[EventType "swiss"]
[EventRounds "9"]
[EventCountry "DEN"]

1. e4 c5 2. Nf3 Nc6 3. c3 Nf6 4. e5 Nd5 5. d4 cxd4 6. cxd4 d6 7. Bc4 dxe5 8.
Bxd5 Qxd5 9. Nc3 Qd6 10. d5 Nd4 11. Nxd4 exd4 12. Qxd4 e5 13. Qd3 Bd7 14. O-O
Be7 15. f4 O-O 16. Ne4 Bf5 17. Qf3 Qg6 18. Nc3 e4 19. Qf2 Rfd8 20. Be3 Bb4 21.
Rad1 Rac8 22. Nb1 Bg4 23. Rd4 Bc5 24. Rd2 Bb4 25. Rd4 Bc5 26. Rd2 Bb4 27. f5
Qa6 28. Rd4 Bc5 29. Rxe4 Be2 30. Re1 Bd3 31. Bxc5 Bxe4 32. Rxe4 Qd3 33. Nc3 Re8
34. Qe3 Qxe3+ 35. Rxe3 b6 36. Be7 1-0

[Event "Copenhagen Chess Challenge 2009"]
[Site "Ballerup"]
[Date "2009.??.??"]
[Round "5"]
[White "Jorgensen, Dennis"]
[Black "Picard, Romain"]
[Result "0-1"]
[WhiteElo "2197"]
[BlackElo "2339"]
[PlyCount "140"]
[EventDate "2009.??.??"]
[EventType "swiss"]
[EventRounds "9"]
[EventCountry "DEN"]

1. d4 Nf6 2. Nf3 g6 3. g3 Bg7 4. Bg2 d5 5. O-O O-O 6. c4 dxc4 7. Na3 Nc6 8.
Nxc4 Be6 9. b3 Bd5 10. Bb2 a5 11. Rc1 a4 12. bxa4 Ra6 13. a3 Qa8 14. Ne3 Be4
15. d5 Rd8 16. Bxf6 Bxf6 17. Qb3 Bxf3 18. Bxf3 Nd4 19. Qb1 c6 20. Rfd1 Rxa4 21.
dxc6 bxc6 22. Kg2 Rb8 23. Qe4 Nxe2 24. Rc4 Rxc4 25. Qxc4 Nc3 26. Rd3 Qxa3 27.
Qxc6 Qb2 28. Ng4 Bg7 29. Qc7 h5 30. Ne5 Nd1 31. Rxd1 Qxe5 32. Rd8+ Rxd8 33.
Qxd8+ Kh7 34. Qd5 Qf6 35. Qe4 Kg8 36. h4 Bh6 37. Be2 Bc1 38. Bc4 e6 39. Bb3 Kg7
40. Bd1 Bb2 41. Qf3 Qe5 42. Ba4 Qb8 43. Bb3 Bd4 44. Bc4 Qb2 45. Qe2 Qb8 46. Ba2
Qa7 47. Bc4 Qc7 48. Ba2 Qb8 49. Qf3 Qb5 50. Bb3 Qa5 51. Bc4 Qe1 52. Bb3 Qd2 53.
Bc4 Qe1 54. Bb3 Kg8 55. Qa8+ Kh7 56. Qf3 Kg7 57. Bc2 f5 58. Bb3 Kf6 59. Qf4 Bc5
60. Ba2 e5 61. Qf3 Kg7 62. Qb7+ Kh6 63. Qb2 Qe4+ 64. Kg1 Kh7 65. Be6 Qf3 66.
Bc8 Qxg3+ 67. Kf1 Qxh4 68. Ba6 Qh1+ 69. Ke2 Qe4+ 70. Kf1 Qf4 0-1

[Event "Copenhagen Chess Challenge 2009"]
[Site "Ballerup"]
[Date "2009.??.??"]
[Round "5"]
[White "Holmsgaard, Henrik"]
[Black "Rossen, Claus"]
[Result "1-0"]
[WhiteElo "2330"]
[BlackElo "2134"]
[PlyCount "129"]
[EventDate "2009.??.??"]
[EventType "swiss"]
[EventRounds "9"]
[EventCountry "DEN"]

1. e4 g6 2. d4 Bg7 3. Nf3 d6 4. Bc4 Nf6 5. Qe2 Nc6 6. h3 e5 7. dxe5 dxe5 8. c3
O-O 9. O-O Nh5 10. Bg5 Bf6 11. Bh6 Bg7 12. Qe3 Bxh6 13. Qxh6 Qf6 14. Bd5 Nd8
15. Nbd2 Nf4 16. Bb3 Qg7 17. Qxg7+ Kxg7 18. Nxe5 Re8 19. Nef3 Nde6 20. Rfe1 Nc5
21. Re3 Bd7 22. Bc2 a5 23. Nb3 Na4 24. Rb1 Nb6 25. Nc5 Bc8 26. Nd3 Ne6 27. Nd2
Nd7 28. f4 b6 29. Kf2 Ba6 30. g3 h5 31. Rc1 Rad8 32. Nf3 Ndc5 33. Nxc5 Nxc5 34.
Nd4 Ne6 35. Rd1 Nc5 36. e5 a4 37. b4 axb3 38. axb3 Bc8 39. b4 Ne6 40. h4 Nxd4
41. cxd4 Bg4 42. Rd2 Ra8 43. Be4 Ra1 44. Bc6 Rd8 45. b5 Bh3 46. Re1 Ra4 47. d5
Bg4 48. Rc1 Rb4 49. Rcc2 Rb3 50. Ra2 Rf3+ 51. Kg2 Rb3 52. d6 cxd6 53. exd6 Re3
54. Ra6 Re6 55. d7 Re7 56. Ra7 Kh6 57. Kf2 Kg7 58. Rb7 Kf8 59. Rxb6 Bxd7 60.
Rb7 Ke8 61. Rbxd7 Rdxd7 62. Rxd7 Rxd7 63. Ke3 Kd8 64. Bxd7 Kxd7 65. f5 1-0

[Event "Copenhagen Chess Challenge 2009"]
[Site "Ballerup"]
[Date "2009.??.??"]
[Round "5"]
[White "Schmidt, Tommy B"]
[Black "Jacobsen, Bo"]
[Result "1-0"]
[WhiteElo "2167"]
[BlackElo "2325"]
[PlyCount "77"]
[EventDate "2009.??.??"]
[EventType "swiss"]
[EventRounds "9"]
[EventCountry "DEN"]

1. d4 Nf6 2. c4 c5 3. d5 e5 4. Nc3 d6 5. e4 Nbd7 6. Nf3 Be7 7. h3 h5 8. g3 Nf8
9. Be3 Ng6 10. Qd2 h4 11. g4 Bd7 12. a3 O-O 13. b4 b6 14. Bd3 Nh7 15. O-O Bf6
16. Ne2 Nf4 17. Nxf4 exf4 18. Bxf4 Bxa1 19. Rxa1 cxb4 20. axb4 a5 21. b5 Qf6
22. Ra3 Rfe8 23. Kg2 Qd8 24. Be3 Bc8 25. Nd4 Nf8 26. f4 Ng6 27. Nc6 Qc7 28. Qf2
Bd7 29. f5 Ne5 30. Nxe5 Rxe5 31. Bxb6 Qc8 32. Bd4 Rxe4 33. Bxe4 Qxc4 34. b6 a4
35. Kh2 Bc8 36. Bg2 Bb7 37. Bb2 f6 38. Qd4 Qc2 39. Rc3 1-0